<?xml version="1.0" encoding="UTF-8"?>
<collection xmlns="http://www.loc.gov/MARC21/slim">
 <record>
  <leader>01064nam a2200205Ia 4500</leader>
  <controlfield tag="001">TDMU_41121</controlfield>
  <controlfield tag="008">210410s9999    xx            000 0 und d</controlfield>
  <datafield tag="082" ind1=" " ind2=" ">
   <subfield code="a">895.92234</subfield>
  </datafield>
  <datafield tag="090" ind1=" " ind2=" ">
   <subfield code="b">L451</subfield>
  </datafield>
  <datafield tag="100" ind1=" " ind2=" ">
   <subfield code="a">Lộc, Bích Kiệm</subfield>
  </datafield>
  <datafield tag="245" ind1=" " ind2="0">
   <subfield code="a">Khóc đám ma người Tày Cao Lộc</subfield>
  </datafield>
  <datafield tag="245" ind1=" " ind2="0">
   <subfield code="c">Lộc Bích Kiệm</subfield>
  </datafield>
  <datafield tag="260" ind1=" " ind2=" ">
   <subfield code="a">H.</subfield>
  </datafield>
  <datafield tag="260" ind1=" " ind2=" ">
   <subfield code="b">Hội nhà văn</subfield>
  </datafield>
  <datafield tag="260" ind1=" " ind2=" ">
   <subfield code="c">2019</subfield>
  </datafield>
  <datafield tag="300" ind1=" " ind2=" ">
   <subfield code="a">195 tr</subfield>
  </datafield>
  <datafield tag="520" ind1=" " ind2=" ">
   <subfield code="a">Giới thiệu chung về khóc đám ma của người Tày huyện Cao Lộc, tỉnh Lạng Sơn và những bài (lời) khóc đám ma tiếng Tày có phần dịch tiếng Việt</subfield>
  </datafield>
  <datafield tag="650" ind1=" " ind2=" ">
   <subfield code="a">Văn hóa dân gian</subfield>
   <subfield code="x">Ma chay</subfield>
   <subfield code="x">Dân tộc Tày</subfield>
   <subfield code="z">Cao Lộc (Lạng Sơn - Việt Nam); Tang lễ</subfield>
   <subfield code="x">Ma chay</subfield>
   <subfield code="x">Khóc đám ma</subfield>
   <subfield code="x">Dân tộc Tày</subfield>
   <subfield code="z">Cao Lộc (Lạng Sơn - Việt Nam); Dân tộc Tày</subfield>
   <subfield code="x">Văn hóa</subfield>
   <subfield code="x">Khóc đám ma</subfield>
  </datafield>
  <datafield tag="856" ind1=" " ind2=" ">
   <subfield code="u">http://lrc.tdmu.edu.vn/opac/search/detail.asp?aID=2&amp;ID=41121</subfield>
  </datafield>
  <datafield tag="980" ind1=" " ind2=" ">
   <subfield code="a">Trung tâm Học liệu Trường Đại học Thủ Dầu Một</subfield>
  </datafield>
 </record>
</collection>
